| 000 | 00497nam a22001457a 4500 | ||
|---|---|---|---|
| 008 | 230420b |||||||| |||| 00| 0 eng d | ||
| 040 |
_aNational Science Library _cNational Science Library |
||
| 080 |
_a5(061.1)(058) _bL7 |
||
| 245 |
_aYear Book of the Indian national science academy 1977 _c/Indian National Science Academy |
||
| 260 |
_aNew Delhi: _bIndian National Science Academy, _c1977 |
||
| 300 | _a271p. | ||
| 650 | _aBasic science | ||
| 653 | _aFinance committee | ||
| 942 |
_2udc _cYBK |
||
| 999 |
_c38892 _d38892 |
||